Accounting information systems (Record no. 2918)

000 -LEADER
fixed length control field 00585nam a22001937a 4500
003 - CONTROL NUMBER IDENTIFIER
control field OSt
005 - DATE AND TIME OF LATEST TRANSACTION
control field 20210727060118.0
008 - FIXED-LENGTH DATA ELEMENTS--GENERAL INFORMATION
fixed length control field 210727b ||||| |||| 00| 0 eng d
020 ## - INTERNATIONAL STANDARD BOOK NUMBER
International Standard Book Number 9780176614089
020 ## - INTERNATIONAL STANDARD BOOK NUMBER
International Standard Book Number 0176614087
040 ## - CATALOGING SOURCE
Transcribing agency ALUPE UNIVERSITY
050 ## - LIBRARY OF CONGRESS CALL NUMBER
Classification number HF568
Item number .I53 2011
245 ## - TITLE STATEMENT
Title Accounting information systems
Remainder of title Selected Chapters
250 ## - EDITION STATEMENT
Edition statement -
260 ## - PUBLICATION, DISTRIBUTION, ETC.
Place of publication, distribution, etc. Toronto
Name of publisher, distributor, etc. Nelson Education
Date of publication, distribution, etc. 2011
300 ## - PHYSICAL DESCRIPTION
Extent 645p.;
Other physical details ill.
Dimensions 26cm
650 ## - SUBJECT ADDED ENTRY--TOPICAL TERM
Topical term or geographic name entry element Information storage and retrieval systems -- Accounting. Accounting -- Data processing.
942 ## - ADDED ENTRY ELEMENTS (KOHA)
Source of classification or shelving scheme
Koha item type Book
Suppress in OPAC JO
Holdings
Withdrawn status Lost status Source of classification or shelving scheme Damaged status Not for loan Permanent Location Current Location Shelving location Date acquired Source of acquisition Total Checkouts Full call number Barcode Date last seen Price effective from Koha item type Public note
          AU LIBRARY AU LIBRARY Open Shelf 27.07.2021 DONATION FROM MOI UNIVERSITY   HF568 .I53 2011 28001227 27.07.2021 27.07.2021 Book JO

Powered by Koha